[Event "XVII. DBMM Schach"]
[Site "Berlin"]
[Date "2017.11.04"]
[Round "6.3"]
[White "Tochtrop, Matthias"]
[Black "Gebert Vangeel, Ralf"]
[Result "1/2-1/2"]
[WhiteElo "2173"]
[BlackElo "2035"]
[Annotator "rgv"]
[PlyCount "65"]
[EventDate "2017.??.??"]
[EventType "team-swiss"]
[EventRounds "7"]
[EventCountry "GER"]
[SourceTitle "XVII. DBMM 2017"]
[Source "FV Schach e.V."]
[SourceDate "2018.05.26"]
[SourceVersion "1"]
[SourceVersionDate "2018.05.26"]
[SourceQuality "1"]
[WhiteTeam "Vodafone"]
[BlackTeam "SV Osram Berlin"]
[WhiteTeamCountry "GER"]
[BlackTeamCountry "GER"]

1. e4 e5 2. Nc3 Nf6 3. g3 d5 4. exd5 Nxd5 5. Bg2 Nxc3 6. bxc3 Bd6 7. Ne2 O-O 8.
O-O Nc6 9. d4 Bf5 10. f4 exd4 11. Nxd4 Nxd4 12. cxd4 c6 13. c3 Qd7 14. Re1 Rfe8
15. Be3 Re7 16. Qd2 Rae8 17. Bf2 a5 18. Rxe7 Rxe7 19. Re1 a4 20. Bf1 Rxe1 21.
Bxe1 Qe7 22. Bg2 Be6 23. Bf2 Bc4 24. d5 c5 25. Bf3 b5 26. a3 h6 27. Qc2 Bb3 28.
Qc1 Bc4 29. Qc2 Bb3 30. Qf5 Bc4 31. Qc8+ Qf8 32. Qd7 Qe7 33. Qc8+ 1/2-1/2

[Event "XVII. DBMM Schach"]
[Site "Berlin"]
[Date "2017.11.04"]
[Round "6.4"]
[White "Eisermann, Daniel"]
[Black "Limbourg, Marina"]
[Result "0-1"]
[WhiteElo "1937"]
[BlackElo "2018"]
[Annotator "br"]
[PlyCount "142"]
[EventDate "2017.??.??"]
[EventType "team-swiss"]
[EventRounds "7"]
[EventCountry "GER"]
[SourceTitle "XVII. DBMM 2017"]
[Source "FV Schach e.V."]
[SourceDate "2018.05.26"]
[SourceVersion "1"]
[SourceVersionDate "2018.05.26"]
[SourceQuality "1"]
[WhiteTeam "SV Osram Berlin"]
[BlackTeam "Vodafone"]
[WhiteTeamCountry "GER"]
[BlackTeamCountry "GER"]

1. e4 c5 2. Nf3 e6 3. c3 d5 4. exd5 Qxd5 5. d4 Nc6 6. Be2 Nf6 7. O-O Be7 8. c4
Qd7 9. Ne5 Qxd4 10. Nxc6 Qxd1 11. Rxd1 bxc6 12. Bf3 Bb7 13. Nc3 O-O 14. Bf4
Rfd8 15. Bc7 Rd4 16. b3 Ne8 17. Be5 Rdd8 18. Na4 Rac8 19. Rab1 Ba8 20. Bf4 Nf6
21. Be3 Nd7 22. Rd2 Ne5 23. Rbd1 Nxf3+ 24. gxf3 Rxd2 25. Rxd2 Rd8 26. Rxd8+
Bxd8 27. Bxc5 a6 28. f4 h6 29. Bd6 Kh7 30. Nc5 a5 31. Kg2 Kg6 32. Kg3 Kf5 33.
a3 Bf6 34. b4 axb4 35. axb4 e5 36. Kf3 exf4 37. Bxf4 Bc3 38. Ke3 Bxb4 39. Bd6
Bc3 40. f4 Bb4 41. h3 Ba3 42. Kf3 g5 43. fxg5 hxg5 44. Be7 Kg6 45. h4 gxh4 46.
Kg4 Bb7 47. Kxh4 Bxc5 48. Bxc5 Ba6 49. Kg4 Bxc4 50. Be7 f5+ 51. Kf4 Bd3 52. Ke5
Kf7 53. Bd6 Ke8 54. Kd4 Kd7 55. Kc5 Be4 56. Be5 Ke6 57. Bf4 Kf6 58. Kd6 Kg6 59.
Be3 Kh5 60. Ke5 Kg4 61. Bd2 c5 62. Be3 c4 63. Bd2 Kf3 64. Kd4 Bd3 65. Ke5 Ke2
66. Bf4 c3 67. Kd4 c2 68. Kc3 Be4 69. Bc1 Kf3 70. Kd2 f4 71. Ke1 Kg3 0-1

[Event "XVII. DBMM Schach"]
[Site "Berlin"]
[Date "2017.11.04"]
[Round "6.1"]
[White "Mueller, Mark"]
[Black "Welke, Klaus"]
[Result "1/2-1/2"]
[WhiteElo "2090"]
[BlackElo "2169"]
[Annotator "br"]
[PlyCount "67"]
[EventDate "2017.??.??"]
[EventType "team-swiss"]
[EventRounds "7"]
[EventCountry "GER"]
[SourceTitle "XVII. DBMM 2017"]
[Source "FV Schach e.V."]
[SourceDate "2018.05.26"]
[SourceVersion "1"]
[SourceVersionDate "2018.05.26"]
[SourceQuality "1"]
[WhiteTeam "BA Tempelhof Berlin II"]
[BlackTeam "Deutsche Post Bonn II"]
[WhiteTeamCountry "GER"]
[BlackTeamCountry "GER"]

1. d4 d5 2. c4 e6 3. Nc3 Nf6 4. cxd5 exd5 5. Bg5 c6 6. e3 Bf5 7. Qf3 Bg6 8.
Bxf6 Qxf6 9. Qxf6 gxf6 10. Nf3 Nd7 11. Nh4 Bb4 12. O-O-O b5 13. Ne2 Nb6 14. Ng3
Kd7 15. Nhf5 a5 16. h4 h5 17. Be2 Rh7 18. Bd3 Re8 19. Ne2 a4 20. Nf4 Nc4 21. g4
a3 22. bxa3 Bxa3+ 23. Kc2 Nb2 24. Nxg6 fxg6 25. Ng3 Nxd3 26. Rxd3 Bd6 27. gxh5
Bxg3 28. fxg3 gxh5 29. Rf1 Rh6 30. Ra3 Kd6 31. Kd3 Rg6 32. Rf3 Reg8 33. Ra7 Ke6
34. Rc7 1/2-1/2

[Event "XVII. DBMM Schach"]
[Site "Berlin"]
[Date "2017.11.04"]
[Round "6.3"]
[White "Thomas, Andreas"]
[Black "Kutzner, Stephen"]
[Result "0-1"]
[WhiteElo "1852"]
[BlackElo "2086"]
[Annotator "br"]
[PlyCount "104"]
[EventDate "2017.??.??"]
[EventType "team-swiss"]
[EventRounds "7"]
[EventCountry "GER"]
[SourceTitle "XVII. DBMM 2017"]
[Source "FV Schach e.V."]
[SourceDate "2018.05.26"]
[SourceVersion "1"]
[SourceVersionDate "2018.05.26"]
[SourceQuality "1"]
[WhiteTeam "BA Tempelhof Berlin II"]
[BlackTeam "Deutsche Post Bonn II"]
[WhiteTeamCountry "GER"]
[BlackTeamCountry "GER"]

1. e4 c5 2. Nf3 Nc6 3. Bb5 e6 4. O-O Nge7 5. d4 cxd4 6. Nxd4 Nxd4 7. Qxd4 a6 8.
Be2 Nc6 9. Qd1 Bc5 10. c3 Qh4 11. Qd3 Ne5 12. Qg3 Qxg3 13. hxg3 h5 14. Nd2 b5
15. Nf3 Ng4 16. Nd4 Bb7 17. Bf3 f6 18. a4 bxa4 19. Rxa4 Kf7 20. Bd2 Rhc8 21.
Nb3 Ba7 22. Na5 Rab8 23. Nxb7 Rxb7 24. Bc1 Rb6 25. Be2 Rcc6 26. Ra5 g6 27. Bxg4
hxg4 28. Be3 Rb7 29. Bxa7 Rxa7 30. Rd1 Ke7 31. f3 Rb7 32. Rd2 Rb3 33. Kf2 Rcb6
34. Ra2 a5 35. Ke2 R6b5 36. Kd1 Rh5 37. Kc2 Rbb5 38. Ra4 gxf3 39. gxf3 Rh3 40.
b4 Rxg3 41. bxa5 Rgg5 42. Rad4 Rb7 43. Rb4 Ra7 44. Ra4 Rgxa5 45. Rxa5 Rxa5 46.
Kb3 Rh5 47. Kc4 Rh3 48. Rd3 g5 49. Kd4 Kd6 50. Kc4+ Ke5 51. Rxd7 g4 52. Rf7
Rxf3 0-1

[Event "XVII. DBMM Schach"]
[Site "Berlin"]
[Date "2017.11.04"]
[Round "6.4"]
[White "Biedekoepper, Robert"]
[Black "Baranowsky, Peter"]
[Result "1-0"]
[WhiteElo "1986"]
[BlackElo "1878"]
[Annotator "br"]
[PlyCount "69"]
[EventDate "2017.??.??"]
[EventType "team-swiss"]
[EventRounds "7"]
[EventCountry "GER"]
[SourceTitle "XVII. DBMM 2017"]
[Source "FV Schach e.V."]
[SourceDate "2018.05.26"]
[SourceVersion "1"]
[SourceVersionDate "2018.05.26"]
[SourceQuality "1"]
[WhiteTeam "Deutsche Post Bonn II"]
[BlackTeam "BA Tempelhof Berlin II"]
[WhiteTeamCountry "GER"]
[BlackTeamCountry "GER"]

1. d4 d6 2. e4 Nf6 3. Nc3 g6 4. Be3 c6 5. a4 b6 6. f3 Qc7 7. Qd2 h5 8. Bc4 Bb7
9. Nh3 a6 10. O-O Nbd7 11. Ng5 d5 12. Bb3 e6 13. Bf4 Qd8 14. exd5 cxd5 15. Rfe1
Be7 16. Qd3 Rg8 17. Re2 Qc8 18. Rae1 Kf8 19. Re3 Kg7 20. Nd1 Re8 21. c3 Ra7 22.
Bc2 Nf8 23. Nf2 Qd7 24. Be5 Bc8 25. g4 Bd6 26. f4 Bxe5 27. fxe5 Nxg4 28. Nxg4
hxg4 29. Rf1 Re7 30. Qe2 Qe8 31. Qxg4 Nd7 32. Rh3 Qg8 33. Nh7 b5 34. Qh4 Qh8
35. Qxe7 1-0

[Event "XVII. DBMM Schach"]
[Site "Berlin"]
[Date "2017.11.04"]
[Round "6.1"]
[White "Jacob, Volker"]
[Black "Gohil, Harry"]
[Result "0-1"]
[WhiteElo "2233"]
[BlackElo "2254"]
[Annotator "br"]
[PlyCount "98"]
[EventDate "2017.??.??"]
[EventType "team-swiss"]
[EventRounds "7"]
[EventCountry "GER"]
[SourceTitle "XVII. DBMM 2017"]
[Source "FV Schach e.V."]
[SourceDate "2018.05.26"]
[SourceVersion "1"]
[SourceVersionDate "2018.05.26"]
[SourceQuality "1"]
[WhiteTeam "Wiley United Weinheim"]
[BlackTeam "Commerzbank Frankfurt"]
[WhiteTeamCountry "GER"]
[BlackTeamCountry "GER"]

1. d4 Nf6 2. c4 g6 3. Nc3 Bg7 4. e4 O-O 5. Bd3 d6 6. Nge2 c5 7. d5 a6 8. O-O b5
9. cxb5 Qa5 10. Bd2 Nbd7 11. Ng3 Ne5 12. Be2 axb5 13. Nxb5 Qb6 14. Qc2 h5 15.
h3 h4 16. Nh1 e6 17. dxe6 Bxe6 18. Be3 Qc6 19. f3 Rfe8 20. Rfc1 d5 21. Qd2 c4
22. Nd4 Qa6 23. Nf2 dxe4 24. Nxe6 Qxe6 25. fxe4 Ra6 26. Rd1 Rea8 27. a3 Ra5 28.
Rac1 Rb5 29. Rc3 Rab8 30. b4 cxb3 31. Bxb5 Rxb5 32. Rb1 Nc4 33. Qd8+ Kh7 34.
Rcxb3 Rxb3 35. Rxb3 Nxe3 36. Rxe3 Qc4 37. Qd1 Nh5 38. Re1 Bd4 39. Qg4 Qc3 40.
Rf1 Qg3 41. Qf3 Kg7 42. Rd1 Qe5 43. Rxd4 Qxd4 44. Qd1 Qc3 45. a4 Ng3 46. Kh2
Qe3 47. Qa1+ Kg8 48. Qf6 Qe1 49. Qxh4 Ne2 0-1

[Event "XVII. DBMM Schach"]
[Site "Berlin"]
[Date "2017.11.04"]
[Round "6.2"]
[White "Hilbig, Olaf"]
[Black "Spiegel, Stefan"]
[Result "1/2-1/2"]
[WhiteElo "2167"]
[BlackElo "2144"]
[Annotator "br"]
[PlyCount "63"]
[EventDate "2017.??.??"]
[EventType "team-swiss"]
[EventRounds "7"]
[EventCountry "GER"]
[SourceTitle "XVII. DBMM 2017"]
[Source "FV Schach e.V."]
[SourceDate "2018.05.26"]
[SourceVersion "1"]
[SourceVersionDate "2018.05.26"]
[SourceQuality "1"]
[WhiteTeam "Commerzbank Frankfurt"]
[BlackTeam "Wiley United Weinheim"]
[WhiteTeamCountry "GER"]
[BlackTeamCountry "GER"]

1. Nc3 Nf6 2. d4 d5 3. Bg5 Nbd7 4. f3 c6 5. e4 dxe4 6. fxe4 e5 7. dxe5 Qa5 8.
Bxf6 gxf6 9. e6 fxe6 10. Bc4 Qg5 11. Nf3 Qe3+ 12. Qe2 Qxe2+ 13. Kxe2 Nb6 14.
Bb3 Bc5 15. a4 a5 16. Rad1 Ke7 17. e5 f5 18. Rd3 Bd7 19. Rhd1 Rhg8 20. Kf1 Rg4
21. Ne2 Nd5 22. Bxd5 cxd5 23. b3 Be8 24. Ned4 Rc8 25. c3 Bh5 26. h3 Rgg8 27.
Ne2 Bxf3 28. Rxf3 Ba7 29. Nd4 Bb8 30. Re1 Ba7 31. Rd1 Bb8 32. Re1 1/2-1/2

[Event "XVII. DBMM Schach"]
[Site "Berlin"]
[Date "2017.11.04"]
[Round "6.3"]
[White "Calder, Dennis"]
[Black "Hummel, Dennis"]
[Result "1-0"]
[WhiteElo "1930"]
[BlackElo "2029"]
[Annotator "br"]
[PlyCount "81"]
[EventDate "2017.??.??"]
[EventType "team-swiss"]
[EventRounds "7"]
[EventCountry "GER"]
[SourceTitle "XVII. DBMM 2017"]
[Source "FV Schach e.V."]
[SourceDate "2018.05.26"]
[SourceVersion "1"]
[SourceVersionDate "2018.05.26"]
[SourceQuality "1"]
[WhiteTeam "Wiley United Weinheim"]
[BlackTeam "Commerzbank Frankfurt"]
[WhiteTeamCountry "GER"]
[BlackTeamCountry "GER"]

1. d4 e6 2. Nf3 Nf6 3. c4 b6 4. g3 Bb7 5. Bg2 d6 6. O-O Nbd7 7. Nc3 Ne4 8. Qc2
f5 9. Ng5 Nxg5 10. Bxb7 Rb8 11. Bg2 Be7 12. Nb5 O-O 13. Nxa7 Qe8 14. Nc6 Rc8
15. Qa4 Nb8 16. Nxe7+ Qxe7 17. b4 Ne4 18. Qc2 d5 19. Bxe4 fxe4 20. b5 c5 21. a4
Qf6 22. cxd5 Qxd4 $11 23. Bb2 Qxd5 24. Bc3 Rf7 25. Rad1 Qf5 26. Rd6 Nd7 27. Qd2
e5 28. e3 Nf6 29. Rd8+ Rxd8 30. Qxd8+ Rf8 31. Qxb6 Qh3 32. f3 exf3 33. Rxf3 e4
34. Rf4 Qh5 35. Qe6+ Kh8 36. Bxf6 gxf6 37. Qxe4 Re8 38. Qf5 Qxf5 39. Rxf5 Ra8
40. Rf4 Kg7 41. Rc4 1-0

[Event "XVII. DBMM Schach"]
[Site "Berlin"]
[Date "2017.11.04"]
[Round "6.4"]
[White "Brauer, Frank"]
[Black "Hartmann, Matthias"]
[Result "1/2-1/2"]
[WhiteElo "1815"]
[BlackElo "1849"]
[Annotator "fb"]
[PlyCount "30"]
[EventDate "2017.??.??"]
[EventType "team-swiss"]
[EventRounds "7"]
[EventCountry "GER"]
[SourceTitle "XVII. DBMM 2017"]
[Source "FV Schach e.V."]
[SourceDate "2018.05.26"]
[SourceVersion "1"]
[SourceVersionDate "2018.05.26"]
[SourceQuality "1"]
[WhiteTeam "Commerzbank Frankfurt"]
[BlackTeam "Wiley United Weinheim"]
[WhiteTeamCountry "GER"]
[BlackTeamCountry "GER"]

1. e4 c6 2. d4 d5 3. exd5 cxd5 4. c4 Nf6 5. Nc3 e6 6. Nf3 Be7 7. Bd3 O-O 8. O-O
dxc4 9. Bxc4 Nc6 10. a3 b6 11. d5 Na5 12. Ba2 exd5 13. Nxd5 Nxd5 14. Bxd5 Bb7
15. Bxb7 Nxb7 1/2-1/2

[Event "XVII. DBMM Schach"]
[Site "Berlin"]
[Date "2017.11.04"]
[Round "6.2"]
[White "Haas, Peter"]
[Black "Kuhne, Detlev"]
[Result "1/2-1/2"]
[WhiteElo "2092"]
[BlackElo "2136"]
[Annotator "br"]
[PlyCount "68"]
[EventDate "2017.??.??"]
[EventType "team-swiss"]
[EventRounds "7"]
[EventCountry "GER"]
[SourceTitle "XVII. DBMM 2017"]
[Source "FV Schach e.V."]
[SourceDate "2018.05.26"]
[SourceVersion "1"]
[SourceVersionDate "2018.05.26"]
[SourceQuality "1"]
[WhiteTeam "ADAC Muenchen"]
[BlackTeam "Deutsche Bahn/BSW Berlin II"]
[WhiteTeamCountry "GER"]
[BlackTeamCountry "GER"]

1. e4 Nf6 2. e5 Nd5 3. Nc3 Nxc3 4. dxc3 d5 5. Bd3 c5 6. h3 c4 7. Be2 Bf5 8. Nf3
e6 9. Bf4 Nc6 10. O-O Be7 11. Nd4 Nxd4 12. cxd4 O-O 13. Qd2 b5 14. b3 a6 15.
bxc4 bxc4 16. Qc3 Rb8 17. Rfb1 Qc7 18. Bd1 h6 19. Bc1 Rxb1 20. Rxb1 Rb8 21.
Rxb8+ Qxb8 22. Qb2 Qb5 23. Qxb5 axb5 24. a3 Bg6 25. Kf1 Kf8 26. Ke1 Ke8 27. g3
Kd7 28. Kd2 Kc6 29. Kc3 Kb6 30. Kb2 b4 31. axb4 Bxb4 32. c3 Ba5 33. Ba4 Kc7 34.
Bd2 Kd8 1/2-1/2

[Event "XVII. DBMM Schach"]
[Site "Berlin"]
[Date "2017.11.04"]
[Round "6.3"]
[White "Strauss, Peter"]
[Black "Gempe, Anet"]
[Result "1/2-1/2"]
[WhiteElo "1838"]
[BlackElo "1997"]
[Annotator "br"]
[PlyCount "43"]
[EventDate "2017.??.??"]
[EventType "team-swiss"]
[EventRounds "7"]
[EventCountry "GER"]
[SourceTitle "XVII. DBMM 2017"]
[Source "FV Schach e.V."]
[SourceDate "2018.05.26"]
[SourceVersion "1"]
[SourceVersionDate "2018.05.26"]
[SourceQuality "1"]
[WhiteTeam "Deutsche Bahn/BSW Berlin II"]
[BlackTeam "ADAC Muenchen"]
[WhiteTeamCountry "GER"]
[BlackTeamCountry "GER"]

1. d4 e6 2. c4 d5 3. Nc3 Nf6 4. Bg5 Be7 5. e3 h6 6. Bh4 O-O 7. Nf3 b6 8. cxd5
exd5 9. Bd3 Bb7 10. Rc1 Ne4 11. Bxe7 Qxe7 12. O-O Nd7 13. Qe2 c5 14. Ba6 Ndf6
15. Bxb7 Qxb7 16. Rfd1 Rfd8 17. Nd2 cxd4 18. exd4 Nxd2 19. Qxd2 Rac8 20. f3 Re8
21. Re1 Qd7 22. Rxe8+ 1/2-1/2

[Event "XVII. DBMM Schach"]
[Site "Berlin"]
[Date "2017.11.04"]
[Round "6.4"]
[White "Katzer, Joachim"]
[Black "Rollwitz, Juergen"]
[Result "1/2-1/2"]
[WhiteElo "1904"]
[BlackElo "1936"]
[Annotator "br"]
[PlyCount "46"]
[EventDate "2017.??.??"]
[EventType "team-swiss"]
[EventRounds "7"]
[EventCountry "GER"]
[SourceTitle "XVII. DBMM 2017"]
[Source "FV Schach e.V."]
[SourceDate "2018.05.26"]
[SourceVersion "1"]
[SourceVersionDate "2018.05.26"]
[SourceQuality "1"]
[WhiteTeam "ADAC Muenchen"]
[BlackTeam "Deutsche Bahn/BSW Berlin II"]
[WhiteTeamCountry "GER"]
[BlackTeamCountry "GER"]

1. e4 d6 2. d4 Nf6 3. Nc3 e5 4. f4 exd4 5. Qxd4 a6 6. Nf3 Be7 7. b3 O-O 8. Bb2
Nc6 9. Qd2 b5 10. Bd3 Nb4 11. Nd5 Nfxd5 12. exd5 Nxd3+ 13. Qxd3 Bf6 14. O-O-O
Bg4 15. h3 Bxf3 16. Qxf3 Bxb2+ 17. Kxb2 Qf6+ 18. Kb1 Rfe8 19. Rhe1 h6 20. Re4
Re7 21. Rde1 Rae8 22. Rxe7 Rxe7 23. Rxe7 Qxe7 1/2-1/2

[Event "XVII. DBMM Schach"]
[Site "Berlin"]
[Date "2017.11.04"]
[Round "6.1"]
[White "Domingo, Miguel"]
[Black "Prange, Stefan"]
[Result "1-0"]
[WhiteElo "2184"]
[BlackElo "2180"]
[Annotator "br"]
[PlyCount "64"]
[EventDate "2017.??.??"]
[EventType "team-swiss"]
[EventRounds "7"]
[EventCountry "GER"]
[SourceTitle "XVII. DBMM 2017"]
[Source "FV Schach e.V."]
[SourceDate "2018.05.26"]
[SourceVersion "1"]
[SourceVersionDate "2018.05.26"]
[SourceQuality "1"]
[WhiteTeam "Europäisches Patentamt Muenchen"]
[BlackTeam "Gardez Robe Berlin"]
[WhiteTeamCountry "GER"]
[BlackTeamCountry "GER"]

1. c4 Nf6 2. g3 c5 3. Bg2 g6 4. Nc3 Bg7 5. e4 Nc6 6. Nge2 O-O 7. d3 d6 8. O-O
Ne8 9. Be3 e5 10. a3 Nd4 11. b4 b6 12. Nd5 Be6 13. Nec3 Qd7 14. b5 Rb8 15. a4
f5 16. exf5 gxf5 17. f4 Nf6 18. Nxf6+ Bxf6 19. Bxd4 cxd4 20. Nd5 Rbe8 21. a5
Bd8 22. axb6 axb6 23. Ra6 Qg7 24. Nxb6 exf4 25. gxf4 Rf6 26. Kh1 Rg6 27. Bc6
Bf7 28. Bxe8 Bxe8 29. Qf3 Bxb6 30. Rxb6 Qc7 31. Rb7 Qa5 32. Rb8 Kf8 1-0

[Event "XVII. DBMM Schach"]
[Site "Berlin"]
[Date "2017.11.04"]
[Round "6.2"]
[White "Waldner, Gerhard"]
[Black "Bohnhoff, Peter"]
[Result "0-1"]
[WhiteElo "1993"]
[BlackElo "2042"]
[Annotator "br"]
[PlyCount "94"]
[EventDate "2017.??.??"]
[EventType "team-swiss"]
[EventRounds "7"]
[EventCountry "GER"]
[SourceTitle "XVII. DBMM 2017"]
[Source "FV Schach e.V."]
[SourceDate "2018.05.26"]
[SourceVersion "1"]
[SourceVersionDate "2018.05.26"]
[SourceQuality "1"]
[WhiteTeam "Gardez Robe Berlin"]
[BlackTeam "Europäisches Patentamt Muenchen"]
[WhiteTeamCountry "GER"]
[BlackTeamCountry "GER"]

1. e4 e5 2. Nc3 Nf6 3. g3 Be7 4. Bg2 O-O 5. Nge2 d6 6. O-O Nbd7 7. h3 Re8 8. d3
c6 9. a4 a5 10. Kh2 Nc5 11. f4 h6 12. Be3 Bf8 13. Qd2 Rb8 14. Ng1 b6 15. Qf2
Be7 16. Nf3 Ncd7 17. Nh4 Nf8 18. fxe5 dxe5 19. Nf5 Bxf5 20. Qxf5 Ng6 21. Qf2
Qc7 22. Ne2 Nf8 23. d4 N8d7 24. c3 Bd6 25. Rad1 b5 26. axb5 cxb5 27. Qf5 b4 28.
Rd2 bxc3 29. bxc3 a4 30. d5 Bc5 31. Qf2 Bxe3 32. Qxe3 Rec8 33. Ra2 Nc5 34. Nc1
Qa5 35. Raf2 Ncd7 36. Na2 Rb3 37. g4 Qc5 38. Qd2 a3 39. Qc1 Rcb8 40. g5 Rb1 41.
Qd2 R1b2 42. Qe1 hxg5 43. Nb4 Rb3 44. Rf3 Ra8 45. R1f2 Rb2 46. Rxb2 axb2 47.
Qb1 Ra1 0-1

[Event "XVII. DBMM Schach"]
[Site "Berlin"]
[Date "2017.11.04"]
[Round "6.3"]
[White "Bumes, Konrad"]
[Black "Humke, Andreas"]
[Result "1/2-1/2"]
[WhiteElo "1933"]
[BlackElo "1961"]
[Annotator "br"]
[PlyCount "99"]
[EventDate "2017.??.??"]
[EventType "team-swiss"]
[EventRounds "7"]
[EventCountry "GER"]
[SourceTitle "XVII. DBMM 2017"]
[Source "FV Schach e.V."]
[SourceDate "2018.05.26"]
[SourceVersion "1"]
[SourceVersionDate "2018.05.26"]
[SourceQuality "1"]
[WhiteTeam "Europäisches Patentamt Muenchen"]
[BlackTeam "Gardez Robe Berlin"]
[WhiteTeamCountry "GER"]
[BlackTeamCountry "GER"]

1. d4 d5 2. c4 Nc6 3. Nc3 Nf6 4. Nf3 Bg4 5. e3 e6 6. cxd5 exd5 7. Be2 Bd6 8.
O-O O-O 9. h3 Bf5 10. a3 Ne7 11. Bd3 c6 12. Qc2 Qd7 13. Ne5 Bxd3 14. Qxd3 Qf5
15. g4 Qe6 16. f4 Nd7 17. Nf3 f5 18. g5 Qg6 19. Kf2 Qh5 20. Rh1 Ng6 21. h4 Ne7
22. Bd2 Qf7 23. Rag1 Nb6 24. h5 g6 25. hxg6 hxg6 26. Rh3 Kg7 27. Rgh1 Rh8 28.
Qf1 Nc4 29. Bc1 Rxh3 30. Qxh3 Qg8 31. Qh6+ Kf7 32. Ne5+ Bxe5 33. fxe5 Rf8 34.
Ne2 Qg7 35. Qh2 Ke6 36. Nf4+ Kd7 37. Kf3 Rg8 38. Nd3 b6 $11 39. b4 Ke6 40. a4
Rf8 41. Qh3 Rg8 42. Bb2 Nd2+ 43. Kf4 Ne4 44. Ba3 Rc8 45. Rh2 Rg8 46. Qh4 Rc8
47. Kf3 Re8 48. Nf4+ Kd7 49. Nd3 Ke6 50. Nf4+ 1/2-1/2

[Event "XVII. DBMM Schach"]
[Site "Berlin"]
[Date "2017.11.04"]
[Round "6.4"]
[White "Hoffmann, Michael"]
[Black "Santos, Paulo"]
[Result "1-0"]
[WhiteElo "1949"]
[BlackElo "1817"]
[Annotator "br"]
[PlyCount "47"]
[EventDate "2017.??.??"]
[EventType "team-swiss"]
[EventRounds "7"]
[EventCountry "GER"]
[SourceTitle "XVII. DBMM 2017"]
[Source "FV Schach e.V."]
[SourceDate "2018.05.26"]
[SourceVersion "1"]
[SourceVersionDate "2018.05.26"]
[SourceQuality "1"]
[WhiteTeam "Gardez Robe Berlin"]
[BlackTeam "Europäisches Patentamt Muenchen"]
[WhiteTeamCountry "GER"]
[BlackTeamCountry "GER"]

1. d4 d5 2. Nf3 Nf6 3. e3 e6 4. Bd3 Nbd7 5. Nbd2 Bd6 6. O-O O-O 7. Re1 c5 8. c3
c4 9. Bc2 Rb8 10. e4 dxe4 11. Nxe4 Nxe4 12. Rxe4 Nf6 13. Rh4 Re8 14. Bg5 h6 15.
Be3 Bd7 16. Qd2 Kf8 17. Re1 Bc6 18. Ne5 Bd5 19. Bxh6 gxh6 20. Qxh6+ Ke7 21. Rf4
Bxe5 22. dxe5 Ng8 23. Rxf7+ Kxf7 24. Bg6+ 1-0

[Event "XVII. DBMM Schach"]
[Site "Berlin"]
[Date "2017.11.04"]
[Round "6.1"]
[White "Haenisch, Uwe"]
[Black "Koscielski, Janusz"]
[Result "1-0"]
[WhiteElo "2195"]
[BlackElo "2337"]
[Annotator "br"]
[PlyCount "121"]
[EventDate "2017.??.??"]
[EventType "team-swiss"]
[EventRounds "7"]
[EventCountry "GER"]
[SourceTitle "XVII. DBMM 2017"]
[Source "FV Schach e.V."]
[SourceDate "2018.05.26"]
[SourceVersion "1"]
[SourceVersionDate "2018.05.26"]
[SourceQuality "1"]
[WhiteTeam "Deutsche Bahn/BSW Frankurt/M"]
[BlackTeam "EKJ Herne und Wanne-Eickel"]
[WhiteTeamCountry "GER"]
[BlackTeamCountry "GER"]

1. e4 c5 2. Nc3 a6 3. g3 b5 4. Bg2 Bb7 5. d3 e6 6. Nge2 Nf6 7. O-O d6 8. h3 Qc7
9. a3 Be7 10. Bd2 Nc6 11. Rc1 h5 12. b4 Nd4 13. Nxd4 cxd4 14. Ne2 e5 15. c3
dxc3 16. Rxc3 Qb8 17. Qb3 O-O 18. Rfc1 Rc8 19. Rxc8+ Bxc8 20. d4 Bb7 21. d5 Qd8
22. a4 bxa4 23. Qxa4 Rc8 24. Qa3 Rxc1+ 25. Qxc1 Qc8 26. Qxc8+ Bxc8 27. Nc3 Kf8
28. f3 Bd8 29. Be3 Nd7 30. Na4 Ke8 31. Bf1 Bc7 32. Bd3 Kd8 33. g4 hxg4 34. fxg4
Nb8 35. Kg2 f6 36. Kg3 g5 37. h4 gxh4+ 38. Kxh4 Ke7 39. Be2 Kf7 40. Kh5 Nd7 41.
Kh6 Bd8 42. Ba7 Be7 43. Nb2 Bf8+ 44. Kh5 Be7 45. Nc4 f5 46. g5 fxe4 47. Bg4 Ke8
48. Be6 Bb7 49. Na5 Ba8 50. Be3 Nf8 51. Bg8 Nd7 52. Kh6 Bf8+ 53. Kg6 Be7 54.
Kf5 Bd8 55. Nc6 Bb6 56. Kxe4 Bxe3 57. Kxe3 Nb6 58. Ke4 Nc8 59. Be6 Nb6 60. Kf5
Kf8 61. Kf6 1-0

[Event "XVII. DBMM Schach"]
[Site "Berlin"]
[Date "2017.11.04"]
[Round "6.2"]
[White "Hortolani, Sven Holger"]
[Black "Kopp, Jan"]
[Result "1-0"]
[WhiteElo "2149"]
[BlackElo "2042"]
[Annotator "br"]
[PlyCount "49"]
[EventDate "2017.??.??"]
[EventType "team-swiss"]
[EventRounds "7"]
[EventCountry "GER"]
[SourceTitle "XVII. DBMM 2017"]
[Source "FV Schach e.V."]
[SourceDate "2018.05.26"]
[SourceVersion "1"]
[SourceVersionDate "2018.05.26"]
[SourceQuality "1"]
[WhiteTeam "EKJ Herne und Wanne-Eickel"]
[BlackTeam "Deutsche Bahn/BSW Frankurt/M"]
[WhiteTeamCountry "GER"]
[BlackTeamCountry "GER"]

1. Nf3 c5 2. b3 Nc6 3. Bb2 d6 4. d4 cxd4 5. Nxd4 Nf6 6. g3 Qa5+ 7. Qd2 Qd5 8.
f3 e5 9. c4 Qc5 10. Nb5 Nb4 11. N1c3 a5 12. e4 Be7 13. Bg2 O-O 14. Na4 Qc6 15.
O-O Be6 16. Qe2 h5 17. Rfd1 Rad8 18. Rd2 h4 19. g4 Ne8 20. Bc3 b6 $11 21. Rad1
Na6 22. Bxe5 Nc5 23. Nxc5 Qxc5+ 24. Bd4 Qc6 25. f4 1-0